000 00490nam a2200181Ia 4500
008 240729s9999 xx 000 0 und d
022 _a2583-4932
245 0 _aManagement Dynamics
260 _aIndia
260 _bJaipuria Institute of Management, Lucknow
650 _a Business | Social Sciences
650 _a Commerce
650 _a Finance
650 _aSocial Sciences
856 _uhttps://doaj.org/toc/a991c3d0852444c4b77a22f78d9a0551
942 _2ddc
942 _cDOAJEJ
999 _c72461
_d72461
945 _a1
_bMadushi Gamage
_c1
_dMadushi Gamage